| 000 | 00633nam a2200229 a 4500 | ||
|---|---|---|---|
| 001 | 50085 | ||
| 003 | BD-RjUL | ||
| 005 | 20211209075445.0 | ||
| 008 | 160823s1970 ohua b 001 0 eng | ||
| 035 | _a(BD-RjUL)50205 | ||
| 040 |
_aDLC _cDLC _dDLC _dBD-RjUL _beng |
||
| 041 | _aeng | ||
| 082 | 0 | 0 |
_a658.848 _223 _bKRI 1970 |
| 100 | 1 |
_aKramer, Roland L. _920660 |
|
| 245 | 1 | 0 |
_aInternational marketing / _cRoland L. Kramer. |
| 250 | _a3rd ed. | ||
| 260 |
_aCincinnati : _bSouth-Western Pub. Co., _cc1970 |
||
| 300 |
_ax, 638 p. : _bill. ; _c24 cm. |
||
| 500 | _aIncludes index. | ||
| 650 | 0 |
_aExport marketing. _91794 |
|
| 942 |
_2ddc _cBK |
||
| 999 |
_c50085 _d50085 |
||